| 000 | 00563nam a2200205 4500 | ||
|---|---|---|---|
| 010 | _aA-835022 | ||
| 035 | _aA-835022 | ||
| 037 | _bCen Lib / Ret | ||
| 040 |
_aDPL _bEN |
||
| 082 |
_a574.1927 _bLIT |
||
| 100 | _a Litwack, Gerald | ||
| 245 |
_aBiochemical actions of hormones / _cby Gerald Litwack |
||
| 260 |
_aNew York _bGerald Litwack _c1970 |
||
| 270 |
_aGerald Litwack _bNew York |
||
| 300 |
_a(v 1. xi, 548p) _b24cm(Hb) |
||
| 650 | _aHormones. | ||
| 650 | _aHormonen. | ||
| 650 | _aPhysiology. | ||
| 942 |
_2ddc _cEN _h574.1927 _mLIT |
||
| 999 |
_c136617 _d136617 |
||